000 00368pam a2200133 a 4500
020 _a81-214-0497-5
_c
041 _h
082 _a330.954
_bAGR
100 _aAGRAWAL A.N.,VARMA H.O.,GUPTA R.C.
245 _aINDIA ECONOMIC INFORMATION YEAR-BOOK-1995
_hTextual Documents
260 _aNEW DELHI
_bNATIONAL PUBLISHING HOUSE
_c1995
300 _aXXII+362
930 _a5213
999 _c124686
_d124686